01418nab a22002537a 4500999001500000003000400015005001700019008004100036040000700077100002900084245006300113260007300176300001500249500004100264505046300305505009000768650003500858650002100893650004000914650001900954650004000973773013801013942001301151 c5473d5473OSt20251123221253.0190603e xxum|||| |||| 00| 0 spa d cPJ 96474aVinti, Ángela M.13aEl contrato de depósito irregular / cÁngela M. Vinti. cCiudad Autónoma de Buenos Aires :aThomson Reuters La Ley, b2025. ap. 241-250 aCita Online: TR LALEY AR/DOC/61/2025 aSumario: I. Introducción.— II. Los hechos del caso.— III. La decisión adoptada por la Cámara.— IV. Una cuestión procesal. El valor de la denuncia penal hecha por uno de los litigantes en el proceso civil.— V. El contrato de caja de seguridad.— VI. El contrato de depósito.— VII. La causa penal.— VIII. Fallar con perspectiva de vulnerabilidad en sede civil.— IX. Una reflexión final sobre la tasa de interés.— X. Conclusiones. t¿Te interesa el texto completo? Solicitalo al correo: koha@justierradelfuego.gov.ar  091497aCODIGO CIVIL Y COMERCIAL 093463aCONTRATOS  094315aCONTRATO DE CAJA DE SEGURIDAD 095233aPANDEMIA 094695aSITUACIÓN DE VULNERABILIDAD0 0271393170dCiudad Autónoma de Buenos Aires : Thomson Reuters La Ley, 2015-tRevista Código Civil y Comercial. Nº 2 - Abril 2025 2udccANA